Dolor: mecanismos y manejo

Guardat en:
Dades bibliogràfiques
Autor principal: Cailliet, René (Autor)
Format: Llibre
Idioma:espanyol
Publicat: Ciudad de México Manual Moderno 1996
Col·lecció:Serie Síndromes Dolorosos
Matèries:
Etiquetes: Afegir etiqueta
Sense etiquetes, Sigues el primer a etiquetar aquest registre!

MARC

LEADER 00000nam a2200000 a 4500
001 UCQ2664
003 CL-VaPUC
008 980724e19960000MX |||||||||||||||||spa|d
082 0 4 |a 616.849  |b CAI  |2 21 
100 0 |a Cailliet, René  |e author  |9 416693 
245 1 0 |a Dolor: mecanismos y manejo 
300 |a 299 p 
942 |c BK 
945 |d 19980724 00:00:00  |a mvenant 
260 |a Ciudad de México  |b Manual Moderno  |c 1996 
650 0 |a Dolor  |9 313052 
650 7 |a FISIOLOGIA  |2 CL-VaPUC  |9 416694 
650 7 |a TRATAMIENTOS  |2 CL-VaPUC  |9 416695 
650 0 |a Neuroanatomía  |9 269717 
650 0 |a Sistema nervioso  |9 266815 
650 0 |a Psicología terapéutica  |9 416696 
583 |a last modification  |c 19980724 00:00:00  |k Rodrigo Vera 
490 0 |a Serie Síndromes Dolorosos 
999 |c 273449  |d 273447 
952 |0 0  |1 0  |4 0  |6 616_849000000000000_CAI_1996  |7 0  |8 A  |9 309012  |a BIBCUR  |b BIBCUR  |d 2019-11-20  |i 3446921  |o 616.849 CAI 1996  |p 3446921  |r 2025-04-22  |w 2019-11-20  |y BK  |k KIN 
952 |0 0  |1 0  |4 0  |6 616_849000000000000_CAI_1996  |7 0  |8 A  |9 309013  |a BIBCUR  |b BIBCUR  |d 2019-11-20  |i 344693K  |o 616.849 CAI 1996  |p 344693K  |r 2025-04-22  |w 2019-11-20  |y BK  |k KIN 
952 |0 0  |1 0  |4 0  |6 616_849000000000000_CAI_1996  |7 0  |8 A  |9 309014  |a BIBCUR  |b BIBCUR  |d 2019-11-20  |i 3446948  |o 616.849 CAI 1996  |p 3446948  |r 2025-04-22  |w 2019-11-20  |y BK  |k KIN 
952 |0 0  |1 0  |4 0  |6 616_849000000000000_CAI_1996  |7 0  |8 A  |9 309015  |a BIBCUR  |b BIBCUR  |d 2019-11-20  |i 3457796  |o 616.849 CAI 1996  |p 3457796  |r 2025-04-22  |w 2019-11-20  |y BK  |k KIN 
952 |0 0  |1 0  |4 0  |6 616_849000000000000_CAI_1996  |7 0  |8 A  |9 309016  |a BIBCUR  |b BIBCUR  |d 2019-11-20  |i 3457842  |o 616.849 CAI 1996  |p 3457842  |r 2025-04-22  |w 2019-11-20  |y BK  |k KIN